Inventari Cartogràfic de Catalunya / col·lecció realitzada sota la direcció tècnica de Benjamí Sabirón i Herrero ; coordinada per Jaume Massó i Cartagena ; realitzada per Enric Camps i Soria; al front d'un equip de redacció compost per Assumpta Lleonart i Orri, Isabel Ticó i Duran, ... [et al]
Descripción Física:
29 v. ; 21 cm
Colección:
Sèrie Estudis ; 5
Otros Autores:
Sairón i Herrero, Benjamí, dir
,
Massó i Cartagena, Jaume, coord
,
Camps i Soria, Enric I
,
Lleonart i Orri, Assumpta
Materias:
Catalunya -- Mapes -- Catàlegs
MARC
| LEADER | 00000nam a2200000Ia 4500 | ||
|---|---|---|---|
| 001 | 7671, 7683, 7565, 7568, 7566, 8414, 8437, 8686, 9171, 8687, 9498, 7567, 9499, 8175, 9799, 9930, 7681, 7682, 7596, 7684, 7675, 7618, 8921, 10103, 8928, 9189, 9080, 9081, 9929 | ||
| 008 | 160829s1987 - 1993 xx 000 0 cat d | ||
| 080 | |a H-2-26, H-2-27, H-2-28, H-2-29, H-2-30, H-2-31, H-2-32, H-2-33, H-2-34, H-2-35, H-2-36, H-2-37, H-2-38, H-2-39, H-2-40, H-2-41, H-2-42, H-2-43, H-2-44, H-2-45, H-2-46, H-2-47, H-2-48, H-2-49, H-2-50, H-2-51, H-2-51, H-2-52, H-2-53, H-2-54 | ||
| 245 | |a Inventari Cartogràfic de Catalunya / col·lecció realitzada sota la direcció tècnica de Benjamí Sabirón i Herrero ; coordinada per Jaume Massó i Cartagena ; realitzada per Enric Camps i Soria; al front d'un equip de redacció compost per Assumpta Lleonart i Orri, Isabel Ticó i Duran, ... [et al] | ||
| 260 | |a Barcelona : |b Institut Cartogràfic de Catalunya, |c 1987 - 1993 | ||
| 300 | |a 29 v. ; |c 21 cm | ||
| 490 | |a Sèrie Estudis ; 5 | ||
| 590 | |a Conté: v. 1: Baix Llobregat; v. 2: Barcelonés; v. 3: Maresme; v. 4: Vallès Occidental; v. 5: Vallès Oriental; v. 6: Alt Empordà; v. 7: Baix Empordà; v. 8: Garrotxa; v. 9: Gironès; v. 10: Selva; v. 11: Alt Camp; v. 12: Alt Penedès; v. 13: Baix Penedès; v. 14: Garraf; v. 15, 16, 17 i 18: Tarragonès, Baix Camp, Conca de Barberà, Priorat; v. 19, 20, 21 i 22: Ribera d'Ebre, Baix Ebre, Montsià, Terra Alta; v. 23: Baixa Cerdanya; v. 24: Osona; v. 25: Ripollès; v. 26: Anoia; v. 27: Bages; v. 28: Berguedà; v. 29: Solsonès; v. 30, 31, 32, 33, 34: Garrigues, Noguera, Segarra, Segrià i Urgell; v. 35: Alt Urgell; v. 36: Pallars Jussà; v. 37: Pallars Sobirà; v. 38: Val d'Aran; v. 39, 40 i 41: Alta Ribagorça, Pla de l'Estany, Pla d'Urgell. | ||
| 650 | |a Catalunya |x Mapes |x Catàlegs |9 21086 | ||
| 700 | |a Sairón i Herrero, Benjamí, dir. |9 21087 | ||
| 700 | |a Massó i Cartagena, Jaume, coord. |9 21088 | ||
| 700 | |a Camps i Soria, Enric I |9 21089 | ||
| 700 | |a Lleonart i Orri, Assumpta |9 21090 | ||
| 710 | 2 | |a Institut Cartogràfic de Catalunya |9 53041 | |
| 901 | |a Arxiu | ||
| 942 | |n 1 | ||
| 952 | |0 0 |1 0 |4 0 |6 H226_H227_H228_H229_H230_H231_H232_H233_H234_H235_H236_H237_H238_H239_H240_H241_H242_H243_H244_H245_H246_H247_H248_H249_H250_H251_H251_H252_H253_H254 |7 1 |9 41793 |a Arxiu |b Arxiu |d 2016-12-01 |l 0 |o H-2-26, H-2-27, H-2-28, H-2-29, H-2-30, H-2-31, H-2-32, H-2-33, H-2-34, H-2-35, H-2-36, H-2-37, H-2-38, H-2-39, H-2-40, H-2-41, H-2-42, H-2-43, H-2-44, H-2-45, H-2-46, H-2-47, H-2-48, H-2-49, H-2-50, H-2-51, H-2-51, H-2-52, H-2-53, H-2-54 |p 7671, 7683, 7565, 75 |r 2016-12-01 00:00:00 |w 2016-12-01 |y ARXIU | ||
| 999 | |c 43684 |d 43684 | ||